| 000 | 00000nam##2200000za#4500 |
| 001 | 9.662840 |
| 003 | CaOODSP |
| 005 | 20200401064444 |
| 007 | ta |
| 008 | 150407|2001||||xxc||||| f|0| 0 fre|d |
| 020 | |a0-662-65801-9 |
| 040 | |aCaOODSP|bfre |
| 041 | |aeng |
| 041 | |afre |
| 043 | |an-cn--- |
| 086 | 1 |aT22-90/2004-1 |
| 110 | 1 |aCanada. |bTransports Canada. |
| 245 | 10|aCap sur le nouveau millénaire : |bTransport Canada plan d'activités 2001-2004 - une mise à jour |
| 260 | |aOttawa - Ontario : |bTransports Canada |c2001. |
| 300 | |aTexte français, 41p. ; |c28 cm. |
| 546 | |aBilingue |
| 563 | |aCouverture souple |
| 590 | |a01-29|b2001-07-20 |
| 691 | 07|aGestion|2gcpds |
| 691 | 07|aIndustrie du transport|2gcpds |
| 691 | 07|aFutur|2gcpds |
| 776 | 0#|tCap sur le nouveau millénaire : |w(CaOODSP)9.630547 |
| 776 | 0#|tLooking to the new millennium : |w(CaOODSP)9.686125 |
| 791 | |tLooking to the new millennium : |eeng|w(CaOODSP)9.662839 |
| 986 | |aTP 13605 |